Principales villes de France par points cardinaux sur une Carte - Statistiques

Statistiques générales
  • Ce quiz a été pris 14 842 fois
  • Le résultat moyen est 33 sur 57
Réponses sur la Carte
Les réponses sont colorées sur une échelle allant du rouge au vert en fonction du pourcentage des utilisateurs qui les ont devinées à leur premier essai. Vous pouvez retrouver ces pourcentages ci-dessous.
 
Statistiques - réponses
Villes Les plus au nord Les plus au sud Les plus à l'est Les plus à l'ouest % Correct
Marseille 43°17' N
97%
Lille 50°38' N
95%
Toulouse 43°36' N
94%
Nice 7°15' E
92%
Strasbourg 7°44' E
92%
Nantes 1°33' O
91%
Brest 4°29' O
90%
Rennes 1°40' O
89%
Le Havre 49°29' N
81%
Ajaccio 41°55' N 8°44' E
78%
Dunkerque 51°02' N
78%
Perpignan 42°41' N
77%
La Roche-sur-Yon 1°25' O
75%
Toulon 43°07' N
75%
Caen 49°10' N
74%
Metz 6°10' E
73%
Calais 50°57' N
69%
La Rochelle 1°09' O
68%
Rouen 49°26' N
68%
Cannes 43°33' N 7°01' E
67%
Nancy 6°10' E
67%
Quimper 4°06' O
66%
Reims 49°15' N
65%
Aix-en-Provence 43°31' N
64%
Pau 43°17' N
64%
Saint-Malo 2°01' O
63%
Amiens 49°53' N
62%
Bayonne 43°29' N 1°28' O
62%
Lorient 3°21' O
60%
Mulhouse 7°20' E
59%
Annecy 6°07' E
58%
Vannes 2°45' O
58%
Cherbourg-en-Cotentin 49°38' N 1°37' O
55%
Colmar 7°21' E
55%
Roubaix 50°41' N
53%
Saint-Nazaire 2°12' O
53%
Besançon 6°01' E
48%
Saint-Brieuc 2°45' O
47%
Narbonne 43°10' N
45%
Belfort 6°51' E
44%
Béziers 43°20' N
42%
Laval 0°46' O
42%
Tourcoing 50°43' N
42%
Beauvais 49°25' N
37%
Charleville-Mézières 49°46' N
37%
Boulogne-sur-Mer 50°43' N
35%
Tarbes 43°13' N
35%
Antibes 43°34' N 7°07' E
33%
Fréjus 43°25' N 6°44' E
33%
Hyères 43°07' N 6°07' E
33%
Saint-Quentin 49°50' N
25%
Villeneuve-d'Ascq 50°37' N
25%
Cholet 0°52' O
24%
La Seyne-sur-Mer 43°06' N
20%
Grasse 6°55' E
19%
Saint-Herblain 1°39' O
16%
Cagnes-sur-Mer 7°09' E
13%
Aucun quiz correspondant
Distribution des résultats
% des personnes avec chaque résultat
Percentile par nombre de réponses
Votre historique - résultats
Vous n’avez pas pris ce quiz